| 000 | 00840nam a2200253 i 4500 | ||
|---|---|---|---|
| 001 | 94144 | ||
| 003 | ES-MaACL | ||
| 005 | 20231218150756.0 | ||
| 007 | t| | ||
| 008 | 050624s1991 sp ||||1| spa d | ||
| 020 | _a84-404-9188-3 | ||
| 080 | _a821.134.2-14"19" | ||
| 100 | 1 |
_aSiles Artés, José, _d1930- _9106341 |
|
| 245 | 1 | 0 |
_aCoplas del Río de Aguas / _cJosé Siles Artés ; presentación de Arturo Medina ; carta abierta de Ezequiel Navarrete ; prólogo de José María Martínez de Haro. |
| 260 |
_aMadrid : _b[s.n., _c1991] |
||
| 300 |
_a78 p. ; _c23 cm. |
||
| 490 | 1 | _aIndec | |
| 700 | 1 |
_aMedina, Arturo. _979691 |
|
| 700 | 1 |
_aNavarrete, Ezequiel. _985036 |
|
| 700 | 1 |
_aMartínez de Haro, José María. _977992 |
|
| 830 | 0 |
_aIndec _9184316 |
|
| 852 |
_aES-MaACL _jG-869 _bR.136249 |
||
| 999 |
_c94144 _d94144 |
||